| 000 -LEADER |
| fixed length control field |
00894pam a2200229 a 4500 |
| 020 ## - INTERNATIONAL STANDARD BOOK NUMBER |
| ISBN |
0891181032 (paperback) |
| 040 ## - CATALOGING SOURCE |
| Transcribing agency |
DLC |
| 082 00 - DEWEY DECIMAL CLASSIFICATION NUMBER |
| Classification number |
630 s |
| -- |
632 AME 1990 |
| 245 00 - TITLE STATEMENT |
| Title |
Impact of carbon dioxide, trace gases, and climate change on global agriculture : |
| Remainder of title |
proceedings of a symposium / |
| 260 ## - PUBLICATION, DISTRIBUTION, ETC. (IMPRINT) |
| Place of publication |
Madison, WI, USA : |
| Name of publisher |
American Society of Agronomy : |
| -- |
Crop Science Society of America : |
| -- |
Soil Science Society of America, |
| Year of publication |
1990. |
| 300 ## - PHYSICAL DESCRIPTION |
| Number of Pages |
xvii, 133 p. : |
| Other physical details |
ill. ; |
| Dimensions |
23 cm. |
| 500 ## - GENERAL NOTE |
| General note |
"The symposium was held in Anaheim, CA, 1 December 1988." |
| 650 #0 - SUBJECT ADDED ENTRY--TOPICAL TERM |
| Topical Term |
Climatic changes |
| 650 #0 - SUBJECT ADDED ENTRY--TOPICAL TERM |
| Topical Term |
Meteorology, Agricultural |
| 650 #0 - SUBJECT ADDED ENTRY--TOPICAL TERM |
| Topical Term |
Atmospheric carbon dioxide |
| 650 #0 - SUBJECT ADDED ENTRY--TOPICAL TERM |
| Topical Term |
Greenhouse gases |
| 700 1# - ADDED ENTRY--PERSONAL NAME |
| Personal name |
Kimball, Bruce A. |
| 710 2# - ADDED ENTRY--CORPORATE NAME |
| Corporate name or jurisdiction name as entry element |
American Society of Agronomy. |
| 710 2# - ADDED ENTRY--CORPORATE NAME |
| Corporate name or jurisdiction name as entry element |
Crop Science Society of America. |
| 710 2# - ADDED ENTRY--CORPORATE NAME |
| Corporate name or jurisdiction name as entry element |
Soil Science Society of America. |
| 942 ## - ADDED ENTRY ELEMENTS (KOHA) |
| Koha item type |
ADB |
| 952 ## - LOCATION AND ITEM INFORMATION (KOHA) |
| Withdrawn status [LOCAL, KOHA] |
0 |